000 00608nam a2200205 i 4500
001 bg
100 1 _aJAROSZEWICZ, Leszek
245 0 _aKompilator systemu pomocy dla Windows Helpex :
_bPakiet Narzędziowy Zasobu Aplikacji : Whitewater Resource Toolkit /
_cLeszek Jaroszewicz, Jerzy K. Kowalski.
260 _aWarszawa :
_b"Help",
_c1992.
300 _a200 s. ;
_c24 cm.
650 9 _aWINDOWS
700 1 _aKOWALSKI, Jerzy K.
020 _a8385137343
040 _cBPK
041 _apol
080 _a681.322.06
920 _a83-85137-34-3
942 _cKS
008 s pl f |000 0 pol
999 _c5608
_d5608
856 _uhttp://koha.tu.koszalin.pl/cgi-bin/koha/opac-detail.pl?biblionumber=5608
_yKatalog online BPK